Sports Quiz

Random Sports or Logo Quiz

Click the Soccer Logos Quiz Stats

 Plays Quiz Updated Nov 20, 2018

Score 0/25 Timer 04:00
2 Plays Today
% Correct
Juventus F.C.
(Italy)
90.5%
Paris Saint-Germain F.C.
(France)
90.4%
Liverpool F.C.
(England)
90.3%
Real Madrid C.F.
(Spain)
90.2%
FC Barcelona
(Spain)
89.7%
Everton F.C.
(England)
87.9%
Leicester City F.C.
(England)
87.8%
Valencia CF
(Spain)
84.4%
SV Werder Bremen
(Germany)
83.9%
Pumas UNAM
(Mexico)
81.2%
AFC Ajax
(Netherlands)
79.7%
FC Basel 1893
(Switzerland)
79.6%
Portland Timbers
(USA)
79%
% Correct
Galatasaray S.K.
(Turkey)
77.6%
Boca Juniors
(Argentina)
75.2%
Sporting CP
(Portugal)
74.4%
FC Shakhtar Donetsk
(Ukraine)
74.1%
Celtic F.C.
(Scotland)
72.9%
CA River Plate
(Argentina)
70.1%
Guangzhou Evergrande F.C.
(China)
66.4%
Panathinaikos F.C.
(Greece)
63.1%
FC St. Pauli
(Germany)
60.1%
FK Partizan
(Serbia)
59.2%
Brisbane Roar FC
(Australia)
53.9%
Al Ahly SC
(Egypt)
48.6%

You're not logged in!

Compare scores with friends on all Sporcle quizzes.
OR
Log In

Show Comments

Extras

Top Quizzes Today


Score Distribution

Your Account Isn't Verified!

In order to create a playlist on Sporcle, you need to verify the email address you used during registration. Go to your Sporcle Settings to finish the process.

Report this User

Report this user for behavior that violates our Community Guidelines.

Details: